000 00537nam a2200193 a 4500
001 1771666395069
003 YourLibrary
005 20260221150457.0
008 260221s2000##################000#0#eng##
020 _a9780521644105
082 0 4 _a338.6048
_bGAL
100 1 _aGale, Douglas,
_eauthor.
245 1 0 _aStrategic Foundations of General Equilibrium :
260 _bCambridge University Press,
_c2000.
300 _a236 pages
650 0 _aBusiness & Economics.
942 _cENGLISH
040 _aYourLibrary
_beng
_cYourLibrary
999 _c615374
_d615374